Europejscy przywódcy według mapy (2021) - Statystyki

Ogólne statystyki
  • Ten quiz został rozwiązany 160 razy
  • Średni wynik to 13 z 45
Odpowiedzi na mapie
Odpowiedzi zakodowano w zielono-czerwonej skali na mapie do tego quizu, zgodnie z poniższymi procentami.
 
Statystyki odpowiedzi
Odpowiedź % Poprawnych
Emmanuel Macron
79%
Alaksandr Łukaszenka
68%
Władimir Putin
68%
Wołodymyr Zełenski
65%
Mateusz Morawiecki
63%
Angela Merkel
62%
Papież Franciszek
56%
Boris Johnson
54%
Viktor Orbán
50%
Giuseppe Conte
42%
Król Karol XVI Gustaw
38%
Pedro Sánchez
38%
Kyriakos Mitsotakis
37%
Sebastian Kurz
33%
King Harald V
32%
Andrej Babiš
28%
Książę Albert II
28%
Gitanas Nausėda
27%
Bojko Borisow
25%
Mette Frederiksen
25%
António Costa
24%
Katrín Jakobsdóttir
24%
Książę Jan Adam II
23%
Mark Rutte
23%
Maia Sandu
22%
Klaus Iohannis
21%
Alexander De Croo
20%
Krišjānis Kariņš
20%
Sanna Marin
20%
Andrej Plenković
17%
Enrico Carattoni
16%
Avdullah Hoti
15%
Edi Rama
14%
Jüri Ratas
14%
Micheál Martin
14%
Janez Janša
13%
Xavier Espot Zamora
13%
Igor Matovič
12%
Ana Brnabić
11%
Milorad Dodik
11%
Robert Abela
11%
Xavier Bettel
11%
Zdravko Krivokapić
11%
Zoran Zaew
11%
Simonetta Sommaruga
10%
Nie znaleziono quizów pasujących do podanych kryteriów
Rozkład punktacji
Procent ludzi z każdym wynikiem
Percentyl według liczby udzielonych odpowiedzi
Twoja historia wyników
Nie rozwiązałeś tego quizu